<?xml version="1.0" encoding="UTF-8"?>
<record
    xmlns:xsi="http://www.w3.org/2001/XMLSchema-instance"
    xsi:schemaLocation="http://www.loc.gov/MARC21/slim http://www.loc.gov/standards/marcxml/schema/MARC21slim.xsd"
    xmlns="http://www.loc.gov/MARC21/slim">

  <leader>00907nam a22002177a 4500</leader>
  <controlfield tag="005">20240401161701.0</controlfield>
  <datafield tag="010" ind1=" " ind2=" ">
    <subfield code="a">HIN-127179</subfield>
  </datafield>
  <datafield tag="020" ind1=" " ind2=" ">
    <subfield code="a">9789355434173</subfield>
    <subfield code="c">450.00</subfield>
  </datafield>
  <datafield tag="035" ind1=" " ind2=" ">
    <subfield code="a">HN-99525</subfield>
  </datafield>
  <datafield tag="037" ind1=" " ind2=" ">
    <subfield code="b">DBAD/PUB.</subfield>
  </datafield>
  <datafield tag="082" ind1=" " ind2=" ">
    <subfield code="a">158.1</subfield>
  </datafield>
  <datafield tag="100" ind1=" " ind2=" ">
    <subfield code="a">&#x936;&#x941;&#x928;&#x92E;&#x94D;&#x92F;&#x94B; &#x92E;&#x938;&#x941;&#x928;&#x94B; </subfield>
    <subfield code="9">64106</subfield>
  </datafield>
  <datafield tag="245" ind1=" " ind2=" ">
    <subfield code="a">&#x91A;&#x93F;&#x902;&#x924;&#x93E; &#x91B;&#x94B;&#x921;&#x93C;&#x947;;&#x936;&#x93E;&#x902;&#x924;&#x93F; &#x92A;&#x94D;&#x930;&#x93E;&#x92A;&#x94D;&#x924; &#x915;&#x930;&#x928;&#x947; &#x915;&#x947; 48 &#x938;&#x92C;&#x915;/</subfield>
    <subfield code="c">&#x936;&#x941;&#x928;&#x92E;&#x94D;&#x92F;&#x94B; &#x92E;&#x938;&#x941;&#x928;&#x94B;;&#x930;&#x91A;&#x928;&#x93E; &#x92D;&#x94B;&#x932;&#x93E; &#x926;&#x94D;&#x935;&#x93E;&#x930;&#x93E; &#x905;&#x928;&#x941;&#x935;&#x93E;&#x926;&#x93F;&#x924; </subfield>
  </datafield>
  <datafield tag="250" ind1=" " ind2=" ">
    <subfield code="a">1</subfield>
  </datafield>
  <datafield tag="260" ind1=" " ind2=" ">
    <subfield code="a">Bhopal</subfield>
    <subfield code="b">Manjul publishing house</subfield>
    <subfield code="c">2022</subfield>
  </datafield>
  <datafield tag="270" ind1=" " ind2=" ">
    <subfield code="a">2nd floor usha preet complex 42 malviya nagar </subfield>
    <subfield code="b">Bhopal</subfield>
    <subfield code="e">462003</subfield>
  </datafield>
  <datafield tag="300" ind1=" " ind2=" ">
    <subfield code="a">200&#x92A;&#x943;;</subfield>
    <subfield code="c">19 &#x938;&#x947;&#x92E;&#x940; (&#x938;&#x91C;&#x93F;&#x932;&#x94D;&#x926;)</subfield>
  </datafield>
  <datafield tag="700" ind1=" " ind2=" ">
    <subfield code="9">63915</subfield>
  </datafield>
  <datafield tag="710" ind1=" " ind2=" ">
    <subfield code="a">&#x930;&#x91A;&#x928;&#x93E; &#x92D;&#x94B;&#x932;&#x93E; [&#x905;&#x928;&#x941;&#x935;&#x93E;&#x926;&#x915;]</subfield>
    <subfield code="9">64107</subfield>
  </datafield>
  <datafield tag="942" ind1=" " ind2=" ">
    <subfield code="a">dpl</subfield>
    <subfield code="c">HN</subfield>
    <subfield code="2">ddc</subfield>
    <subfield code="h">158.1</subfield>
    <subfield code="m">&#x936;&#x941;&#x928;&#x92E;&#x94D;&#x92F;&#x94B;</subfield>
  </datafield>
  <datafield tag="999" ind1=" " ind2=" ">
    <subfield code="c">201857</subfield>
    <subfield code="d">201857</subfield>
  </datafield>
  <datafield tag="952" ind1=" " ind2=" ">
    <subfield code="0">0</subfield>
    <subfield code="1">0</subfield>
    <subfield code="4">0</subfield>
    <subfield code="7">0</subfield>
    <subfield code="8">NFIC</subfield>
    <subfield code="a">BN</subfield>
    <subfield code="b">BN</subfield>
    <subfield code="d">2024-04-01</subfield>
    <subfield code="e">DBAD/PUB</subfield>
    <subfield code="g">450.00</subfield>
    <subfield code="l">1</subfield>
    <subfield code="o">158.1 &#x936;&#x941;&#x928;&#x92E;&#x94D;&#x92F;&#x94B;</subfield>
    <subfield code="p">HN-99525</subfield>
    <subfield code="r">2024-07-08 00:00:00</subfield>
    <subfield code="s">2024-05-18</subfield>
    <subfield code="t">1</subfield>
    <subfield code="v">450.00</subfield>
    <subfield code="w">2024-04-01</subfield>
    <subfield code="y">HN</subfield>
  </datafield>
</record>
